000 00543nam a2200229Ia 4500
003 OSt
005 20221005115917.0
006 a|||||r|||| 00| 0
007 ta
008 221004b |||||||| |||| 00| 0 eng d
024 _a58098
037 _cTextual
040 _aCRL
_cCRL
_beng
041 _2eng
_aeng
082 _aV2:23:N5, H6
100 _aLele P R
_9628267
245 0 _aConstituent assembly
260 _c1946
650 _aHISTORY
942 _hV2:23:N5, H6
_cTEXL
_2cc
999 _c1036296
_d1036296